[Event "20th Karpov Poikovsky"]
[Site "Poikovsky RUS"]
[Date "2019.06.07"]
[Round "2.3"]
[White "Fedoseev, Vladimir3"]
[Black "Mamedov, Rauf"]
[Result "1/2-1/2"]
[WhiteTitle "GM"]
[BlackTitle "GM"]
[WhiteElo "2680"]
[BlackElo "2650"]
[WhiteFideId "24130737"]
[BlackFideId "13401653"]
[EventDate "2019.06.06"]

1. e4 c5 2. Nf3 Nc6 3. Bb5 g6 4. O-O Bg7 5. Bxc6 dxc6 6. d3 b6 7. a4 a5 8. h3
Nf6 9. Nc3 Nd7 10. Be3 e5 11. Nh2 Nf8 12. Qd2 Ne6 13. Bh6 Bf6 14. Ng4 g5 15. g3
Rg8 16. Nd1 Nd4 17. Kg2 Bxg4 18. hxg4 Bh8 19. Ne3 Qf6 20. Qd1 Qxh6 21. c3 Ne6
22. Rh1 Qf6 23. Rxh7 O-O-O 24. Qb3 Kc7 25. Qc4 Bg7 26. Nf5 Kb7 27. Rb1 Bf8 28.
Rc1 Rd7 29. b4 axb4 30. cxb4 Nd4 31. bxc5 Nxf5 32. gxf5 Bxc5 33. a5 Qd6 34. axb6
Bxb6 35. Rxf7 Rd8 36. Rd1 g4 37. f3 gxf3+ 38. Kxf3 Qh6 39. Kg2 Qe3 40. Qa2 Rxf7
41. Qxf7+ Kb8 42. Qa2 Rxd3 43. Qg8+ Kb7 44. Qf7+ Kb8 45. Qg8+ Kb7 46. Qf7+ Kb8 1/2-1/2